| 000 | 00646nam a2200169 i 4500 | ||
|---|---|---|---|
| 001 | 107730 | ||
| 003 | ES-MaACL | ||
| 005 | 20230906184459.0 | ||
| 007 | t| | ||
| 008 | 061121s1983 sp r ||||1| spa d | ||
| 100 | 1 |
_aMoreno Andrés, Domingo. _983325 |
|
| 245 | 1 | 0 |
_aContestaciones a los temas para ingreso en el Cuerpo de Auxiliares de Administración de Justicia / _cpor Domingo Moreno Andrés. |
| 260 |
_aMadrid : _b[s.n.], _c1983 ( _fImp. A. Caballero) |
||
| 300 |
_a2 vols. ; _c24 cm. |
||
| 610 | 0 | 4 |
_aCuerpo de Auxiliares de la Administración de Justicia- _vContestaciones para oposiciones. _93349 |
| 852 |
_aES-MaACL _jL-5474-75 _bR.105714 |
||
| 999 |
_c107730 _d107730 |
||